La montaña mágica (Registro nro. 794)

Detalles MARC
000 -CABECERA
Longitud fija campo de control 01765nam a2200337Ia 4500
005 - • FECHA Y HORA DE LA ÚLTIMA TRANSACCIÓN
Fecha y hora de la última transacción 20220316235401.0
008 - • CÓDIGOS DE INFORMACIÓN DE LONGITUD FIJA
Códigos de información de longitud fija 121119s2003 sp gr 000 f spa
020 ## - • NÚMERO INTERNACIONAL NORMALIZADO PARA LIBROS
Número Internacional Normalizado para Libros (ISBN) 8435016269
041 1# - • CÓDIGO DE LENGUA
Código de lengua del texto/banda sonora o título independiente spa
040 ## - FUENTE DE LA CATALOGACIÓN
Centro catalogador de origen CO-BoRNBP
Lengua de catalogación spa
Normas de descripción rda
Centro transcriptor CO-BoRNBP
084 ## - • Clasificación Local Alfanúmerica PNLB
Número de clasificación N MAN1
100 1# - • PUNTO DE ACCESO PRINCIPAL-NOMBRE DE PERSONA
Nombre de persona Mann, Thomas,
Fechas asociadas al nombre 1875-1955
245 13 - • TITULO PROPIAMENTE DICHO
Título La montaña mágica
Mención de responsabilidad, etc. Thomas Mann ; traducción de Mario Verdaguer, David Castelló
250 ## - • MENCIÓN DE EDICIÓN
Mención de edición Primera edición
264 #1 - PRODUCCIÓN, PUBLICACIÓN , DISTRIBUCIÓN, FABRICACIÓN Y COPYRIGHT
Lugar de producción, publicación, distribución, fabricación Barcelona
Nombre del productor, editor, distribuidor, fabricante Edhasa
Fecha de de producción, publicación, distribución, fabricación o copyright 2003
300 ## - • DESCRIPCIÓN FÍSICA
Extensión 978 páginas
Dimensiones 18 cm.
336 ## - TIPO DE CONTENIDO
Término de tipo de contenido texto
Código de tipo de contenido txt
Fuente rdacontent
337 ## - TIPO DE MEDIO
Nombre del tipo de medio sin mediación
Código del tipo de medio n
Fuente rdamedia
338 ## - TIPO DE SOPORTE
Nombre del tipo de soporte volumen
Código del tipo de soporte nc
Fuente rdacarrier
490 0# - • MENCIÓN DE SERIE
Mención de serie Pocket Edhasa
520 3# - • NOTA DE RESUMEN
Resumen, etc, La acción de esta novela transcurre en un sanatorio de tuberculosos de Zauberberg, donde coinciden dos primos de caracteres muy distintos. És esta una novela de detalles más que de trama: el conocimiento de Claudia Chauchat o de una pareja de peculiares y enfrentados pensadores, los pequeños conflictos generados por la convivencia, el goteo constante de fallecimientos... El interés de la novela reside en la perfecta reproducción de la vida interior, afectiva e intelectual, de la amplia galería de personajes que despliega Mann ante los ojos del lector, todos ellos perfectamente individualizados e interesantes por sí mismo. "La montaña mágica" se cuenta entre las diez mejores obras literarias del siglo XX.
534 ## - • Nota De Versión Original
Edition statement of original Der Zauberberg
650 14 - • PUNTO DE ACCESO ADICIONAL DE MATERIA - TÉRMINO DE MATERIA
Fuente del encabezamiento o término LEMB
Término de materia o nombre geográfico como elemento inicial Novela alemana
Subdivisión cronológica Siglo XX
650 14 - • PUNTO DE ACCESO ADICIONAL DE MATERIA - TÉRMINO DE MATERIA
Fuente del encabezamiento o término LEMB
Término de materia o nombre geográfico como elemento inicial Enfermos
Subdivisión de forma Novela
650 14 - • PUNTO DE ACCESO ADICIONAL DE MATERIA - TÉRMINO DE MATERIA
Fuente del encabezamiento o término LEMB
Término de materia o nombre geográfico como elemento inicial Amor
Subdivisión de forma Novela
650 14 - • PUNTO DE ACCESO ADICIONAL DE MATERIA - TÉRMINO DE MATERIA
Fuente del encabezamiento o término LEMB
Término de materia o nombre geográfico como elemento inicial Guerra
Subdivisión de forma Novela
650 14 - • PUNTO DE ACCESO ADICIONAL DE MATERIA - TÉRMINO DE MATERIA
Fuente del encabezamiento o término LEMB
Término de materia o nombre geográfico como elemento inicial Emociones
Subdivisión de forma Novela
700 1# - • PUNTO DE ACCESO ADICIONAL - NOMBRE DE PERSONA
Nombre de persona Verdaguer, Mario
Fechas asociadas al nombre 1893-
Término indicativo de función traductor
700 1# - • PUNTO DE ACCESO ADICIONAL - NOMBRE DE PERSONA
Nombre de persona Castelló, David
Término indicativo de función traductor
942 ## - ENTRADA DE ELEMENTOS AGREGADOS (KOHA)
Fuente de clasificaión o esquema
Koha [por defecto] tipo de item Libro Literatura
Existencias
Perdido Fuente de clasificación o esquema Estado Físico No para préstamo Forma de adquisición Localización permanente Localización actual Localización en estanterías Fecha adquisición Préstamos totales Signatura completa Código de barras Fecha última consulta Número de copia Fecha del precio de reemplazo Tipo de item de Koha Número de registro
  Dewey Decimal Classification     Colección General Biblioteca Pública Cubarral Biblioteca Pública Cubarral Literatura 07/31/2023   N MAN1 CUB01391 07/31/2023 Ej.1 07/31/2023 Libro Literatura  
  Dewey Decimal Classification     Colección General Biblioteca Pública Fuentedeoro - Henry Llanos García Biblioteca Pública Fuentedeoro - Henry Llanos García Literatura 07/13/2023   N MAN1 Fo00001359 07/13/2023 Ej.1 07/13/2023 Libro Literatura  
  Dewey Decimal Classification     Colección General Biblioteca Pública Puerto Lleras Biblioteca Pública Puerto Lleras Literatura 02/21/2025   N MAN1 PLL01969 02/21/2025 Ej.1 02/21/2025 Libro Literatura  
  Dewey Decimal Classification     Colección General Biblioteca Pública San Carlos de Guaroa - Eduardo Carranza Biblioteca Pública San Carlos de Guaroa - Eduardo Carranza Literatura 04/16/2024   N MAN1 SG01678 04/16/2024 Ej.1 04/16/2024 Libro Literatura  
  Dewey Decimal Classification     Colección General Biblioteca Pública El Castillo - Alfonso Meneses Biblioteca Pública El Castillo - Alfonso Meneses Literatura 07/11/2023   N MAN1 EC02102 07/11/2023 Ej.1 07/11/2023 Libro Literatura  
  Dewey Decimal Classification     Colección General Biblioteca Pública Guamal Biblioteca Pública Guamal Literatura 01/31/2023   NMAN1 GUA000361 01/31/2023 Ej.1 01/31/2023 Libro Literatura  
  Dewey Decimal Classification       Biblioteca Pública Mesetas - Franco lodo Poloxi Biblioteca Pública Mesetas - Franco lodo Poloxi Literatura 10/16/2024   N MAN1 ME000399 10/16/2024 Ej.1 10/16/2024 Libro Literatura 8435016269









Instituto Departamental de Cultura del Meta - Red Departamental de Bibliotecas Públicas del Meta.